000 03028nam0a2200433 i 4500
001 RU\NLR\BIBL_A\011117280
005 20260406133945.0
010 _a9785935726393
_91000
021 _aRU
_b2016-42536
_92726
035 _a(NLR Aleph) 011117280
090 _a11499308
_c11499308
100 _a20160428d2016 k y0rusy50 ca
101 0 _arus
_deng
102 _aRU
105 _aach z 001zy
200 1 _aЕкатерина II и Станислав Август. Два просвещенных правителя
_dCatherine the Great and Stanislaw August. Two enlightened monarchs
_eкаталог выставки,[Санкт-Петербург, 7 декабря 2015 - 21 мая 2016 года
_fвступ. слово: Михаил Пиотровский
_gавт. ст.: С. О. Андросов и др.
_gавт. аннот.: С. О. Андросов и др.]
_zeng
210 _aСанкт-Петербург
_cИзд-во Государственного Эрмитажа
_d2016
_d[т. е. 2015]
215 _a310, [1] с.
_cил., цв. ил., портр., факс.
_d28
300 _aКн. фактически изд. в 2015 г.
300 _aВ надзаг.: Гос. Эрмитаж
300 _aРез. на англ. яз.
316 _aЭкслибрис: Дар Эрмитажа
_5NLR
320 _aБиблиогр.: с. 298-309 и в тексте
510 1 _aCatherina the Great and Stsnislaw August. Two enlihtened monarchs
_zeng
601 0 2 _aГосударственный Эрмитаж
_cСанкт-Петербург, город
_jКаталоги
_xКоллекция изобразительного искусства
_xВыставки
_z2015 - 2016
_92263886
_3RU\NLR\AUTH\6601586873
606 1 _aИзобразительное искусство
_jКаталоги
_xВыставки
_yЕвропа Западная
_yСанкт-Петербург, город
_z2015 - 2016
_92282674
_3RU\NLR\AUTH\6601595633
606 1 _aИзобразительное искусство русское
_jКаталоги
_xВыставки
_y18 - 19 вв.
_yСанкт-Петербург, город
_z2015 - 2016
_92282676
_3RU\NLR\AUTH\6601595634
686 1 _aЩ101.3(2Р)-2Петербург2Эрмитаж л62
686 1 _aЩ103(0)л62
686 1 _aЩ103(2Р=Рус)5л62
702 0 _4570
_8rus
_7ca
_aЕкатерина
_cимператрица российская
_dII
_f1729-1796
_3RU\NLR\AUTH\772098
_9112115
702 1 _4570
_8rus
_7ca
_aПонятовский
_bС. А.
_cкороль польский
_f1732-1798
_gСтанислав Август
_3RU\NLR\AUTH\7786958
_969886
711 1 2 _a"Екатерина II и Станислав Август. Два просвещенных правителя", выставка
_eСанкт-Петербург
_f2015-2016
_9516143
_3RU\NLR\AUTH\880425797
942 _cBOOK
980 _aNBR